000
00280nam a22001217a 4500
008
181020b xxu||||| |||| 00| 0 eng d
041
_a
eng
080
_a
615
100
_a
5
101
_a
SHF
245
_a
The Pharmacological Basis of Therapeutics
_c
Goodman, L
942
_2
udc
_c
BK
999
_c
50314
_d
50314